00944nam a22002657a 45000010005000000030006000050050017000110080041000280200018000690400029000870500016001160820008001321000019001402450092001592500041002512600037002923000060003295050008003895200143003975210020005405210020005606000033005806100028006137000037006412893FISKH20240122150651.0240122b cb ||||| |||| 00| 0 eng d a9780545268592 aFISKHbengcFISKHdFISKH aPZ7.P838165 a468 aPosada, Jorge  aPlay ball! /cby Posada, Jorge with Burleigh, Robert : illustrated by Colón, Raúl aFirst Scholastic printing , May 2010 aNew York : bScholastic , c2006 a30 unnumbered pages : bcolor illustrations ;c29 cm .  aO  aPresents a story of right-handed Jorge Posada being coached by his father to bat left-handed, and how it leads right to the major leagues.8 a620 bLexile 8 aO bRaz-Plus  2baseballvhistorical fiction 2sports vpictures books a Colón , Raúleillustrator